The 1400s Quiz - Statistics

General Stats
  • This quiz has been taken 21 times
  • The average score is 16 of 31
Answer Stats
Hint Year Answer % Correct
1) This explorer sailed the Atlanticin search of a route to India but landed in North America 1492-1504 Christopher Columbus
100%
4) This French teenager leads a major rebellionin France against English forces at Orleans 1429-1430 Joan of Arc
95%
2) This Byzantine capital falls to the Ottoman reign 1453 Constantinople
90%
6) Johannes Gutenberg invents this revolutionarymachine, and publishes the Gutenberg Bible 1450 Printing Press
85%
3) A brutal conflict between the English housesof York and Lancaster causes this war 1455-1487 War of the Roses
85%
17) Ming emperor Yongle moves the capital from Nanjingto this current capital 1403 Beijing
80%
21) This Renaissance painter is born in Anchiano, Italy,famous for the Mona Lisa 1452 Leonardo DaVinci
80%
11) This Italian city becomes the center of the flourishingRenaissance era of art and culture 1450s Florence
75%
20) This Peruvian empire is founded, ruling the area untilthe later Spanish conquest 1438 Inca
75%
5) The war in which the above fought in betweenthe French and English 1337-1453 Hundred Years
70%
12) This Russian prince comes to power and unites muchof the country for Moscow 1462-1505 Ivan
65%
14) This Renaissance artist creates the Bacchus sculpture,the Roman god of wine 1496-1497 Michelangelo
65%
28) This Bosnian capital is founded by the Ottomans 1461 Sarajevo
65%
27) This famous Incan citadel is constructed high in the Andes 1450s Machu Picchu
60%
9) Casa di San Giorgio is founded in this Italian cityas one of the first public banks 1407 Genoa
55%
13) This Portuguese explorer establishes a trade routeto India around the southern tip of Africa 1497-1499 Vasco De Gama
55%
16) This family of bankers becomes a powerful empire in Florence 1400s > Medici
50%
23) This imperial complex in Beijing is completed 1420 Forbidden City
45%
29) The Ottomans invade this Greek island, faced with a smallgroup of Knights Hospitaller 1480 Rhodes
40%
7) This treaty between Spain and Portugal dividednewly discovered lands outside Europe for colonization 1494 Tordesillas
35%
25) The outnumbered English defeat the French forces at this northern French city in a pivotal battle 1415 Agincourt
30%
19) This Khmer capital is sacked by Thai invaders 1431 Angkor
30%
18) A university is established in this northern Italian city,one of the oldest in Europe still in operation 1404 Turin
30%
15) This empire, under king Boabdil of Granada, surrendersto Ferdinand and Isabella of Spain 1492 Moor
25%
8) This empire dominates Iran and much of central Asia, emerging from a fragmented Mongol reign 1370-1400s Timurid
25%
3) This Venetian explorer reached theCanadian coast, claiming the land for England 1497 John Cabot
15%
22) Another famous Renaissance artist is born inUrbino, Italy, known for his works like the Transfiguration 1483 Rafael
15%
10) This Portuguese explorer discovers the west Africancoast and establishes European trade routes 1420s-1460 Henry the Navigator
10%
26) This king unites the Aztecs, which become the dominantpower in Mesoamerica 1440-1469 Montezuma I
5%
24) This Admiral sails to Indonesia, Ceylon, Persia andeast Africa to spread Chinese influence under the Ming rule 1405-1433 Zheng He
5%
30) This Portuguese navigator becomes the first to sailaround the Cape of Good Hope in South Africa 1488 Bartolomeu Dias
0%
No matching quizzes found
Score Distribution
Percent of People with Each Score
Percentile by Number Answered
Your Score History
You have not taken this quiz